[Event "SK Königsspringer Nordwalde 1 - SC Klei"]
[Site "Verbandsklasse 2016/2017"]
[Date "2016.10.22"]
[Round "2.1"]
[White "Ratert, Matthias"]
[Black "Wetterau, Georg"]
[Result "1/2-1/2"]
[WhiteElo "1864"]
[BlackElo "1800"]
[PlyCount "88"]
[EventDate "2016.??.??"]
[SourceDate "2016.10.13"]

1. e4 e5 2. Nf3 Nc6 3. Bb5 Nd4 4. Nxd4 exd4 5. O-O Ne7 6. d3 c6 7. Ba4 d5 8. c3
dxe4 9. dxe4 d3 10. Qf3 Ng6 11. Rd1 Ne5 12. Qg3 Qa5 13. Bb3 Bg4 14. f3 Bh5 15.
Qh3 Bg6 16. f4 Ng4 17. Qxg4 Bh5 18. Qg3 Bxd1 19. Bxd1 Qb6+ 20. Kh1 O-O-O 21.
Nd2 Qc7 22. Qf2 b6 23. Nb3 c5 24. c4 h5 25. e5 g6 26. Bf3 Be7 27. Bd5 Rhf8 28.
Be3 g5 29. a4 a5 30. Rd1 Qd7 31. Rxd3 Qxa4 32. Nc1 h4 33. f5 f6 34. e6 Kc7 35.
Ra3 Qd1+ 36. Qg1 Qg4 37. Qf1 Qh5 38. Qe1 h3 39. Qg3+ Bd6 40. Bf3 hxg2+ 41. Qxg2
Qh4 42. Bf2 Qxc4 43. Rc3 Qa6 44. Be2 Qb7 1/2-1/2

[Event "SK Königsspringer Nordwalde 1 - SC Klei"]
[Site "Verbandsklasse 2016/2017"]
[Date "2016.10.22"]
[Round "2.2"]
[White "Sandmann, Matthias"]
[Black "Hauk, Viktor"]
[Result "1/2-1/2"]
[WhiteElo "1742"]
[BlackElo "1809"]
[PlyCount "32"]
[EventDate "2016.??.??"]
[SourceDate "2016.10.13"]

1. d4 Nf6 2. Bg5 d5 3. e3 Nbd7 4. Nf3 g6 5. Bd3 Bg7 6. Nbd2 O-O 7. O-O c5 8. c3
b6 9. e4 dxe4 10. Nxe4 cxd4 11. Nxd4 Bb7 12. Re1 Qc7 13. Nb5 Qc6 14. Nd4 Qc7
15. Nb5 Qc6 16. Nd4 Qc7 1/2-1/2

[Event "SK Königsspringer Nordwalde 1 - SC Klei"]
[Site "Verbandsklasse 2016/2017"]
[Date "2016.10.22"]
[Round "2.3"]
[White "van Dijk, Guido"]
[Black "Lerke, Bernd"]
[Result "1/2-1/2"]
[WhiteElo "1712"]
[BlackElo "1860"]
[PlyCount "34"]
[EventDate "2016.??.??"]
[SourceDate "2016.10.13"]

1. d4 c5 2. d5 e5 3. e4 d6 4. Bb5+ Nd7 5. f4 exf4 6. Bxf4 a6 7. Bxd7+ Bxd7 8.
Ne2 Qh4+ 9. g3 Qe7 10. Qd3 g5 11. Bd2 Bg7 12. Bc3 Be5 13. Bxe5 Qxe5 14. Nd2 b5
15. O-O Ne7 16. Nf3 Qg7 17. Qc3 Qxc3 1/2-1/2

[Event "SK Königsspringer Nordwalde 1 - SC Klei"]
[Site "Verbandsklasse 2016/2017"]
[Date "2016.10.22"]
[Round "2.4"]
[White "Mense, Jens-Uwe"]
[Black "Brinkmann, Franz-Josef"]
[Result "1/2-1/2"]
[WhiteElo "1793"]
[BlackElo "1773"]
[PlyCount "33"]
[EventDate "2016.??.??"]
[SourceDate "2016.10.13"]

1. d4 d5 2. Nc3 Nf6 3. Bg5 h6 4. Bh4 Bf5 5. f3 c6 6. e4 dxe4 7. Bxf6 exf6 8.
fxe4 Bg6 9. Nf3 Bb4 10. Bd3 O-O 11. O-O Bh5 12. Ne2 Re8 13. c3 Bd6 14. Qc2 Nd7
15. Rae1 Qc7 16. g3 c5 17. Qd2 1/2-1/2

[Event "SK Königsspringer Nordwalde 1 - SC Klei"]
[Site "Verbandsklasse 2016/2017"]
[Date "2016.10.22"]
[Round "2.5"]
[White "Pohlmeier, Ulrich"]
[Black "Holstegge, Ludger"]
[Result "1/2-1/2"]
[WhiteElo "1588"]
[BlackElo "1829"]
[PlyCount "32"]
[EventDate "2016.??.??"]
[SourceDate "2016.10.13"]

1. d4 Nf6 2. c4 g6 3. g3 Bg7 4. Bg2 O-O 5. e4 d6 6. Ne2 Nbd7 7. O-O e5 8. d5 a5
9. Nbc3 h6 10. f4 Kh7 11. Be3 Ng4 12. Bd2 h5 13. h3 Nh6 14. f5 Nb6 15. fxg6+
fxg6 16. b3 Bd7 1/2-1/2

[Event "SK Königsspringer Nordwalde 1 - SC Klei"]
[Site "Verbandsklasse 2016/2017"]
[Date "2016.10.22"]
[Round "2.6"]
[White "Kasubke, Manfred"]
[Black "Engfer, Klaus"]
[Result "1-0"]
[WhiteElo "1889"]
[BlackElo "1554"]
[PlyCount "73"]
[EventDate "2016.??.??"]
[SourceDate "2016.10.13"]

1. c4 e5 2. Nc3 Nf6 3. g3 Bb4 4. a3 Bxc3 5. bxc3 O-O 6. Bg2 c6 7. e4 d5 8. cxd5
cxd5 9. exd5 Nxd5 10. Ne2 Nc6 11. O-O Re8 12. Qb3 Nb6 13. Qc2 Qc7 14. Be4 g6
15. d3 Bh3 16. Re1 Rac8 17. Qd2 Ne7 18. Qh6 Bf5 19. Bg5 Nd7 20. Qh4 Bxe4 21.
dxe4 Nc6 22. Rad1 Re6 23. f4 f6 24. Bh6 Rd6 25. Qg4 Re8 26. f5 Kf7 27. fxg6+
hxg6 28. Be3 Rh8 29. h4 b6 30. Kg2 Na5 31. Rd5 Nc4 32. Bf2 Rxd5 33. exd5 f5 34.
Qg5 Nf6 35. Nf4 exf4 36. Re6 Rg8 37. Qxf6# 1-0

[Event "SK Königsspringer Nordwalde 1 - SC Klei"]
[Site "Verbandsklasse 2016/2017"]
[Date "2016.10.22"]
[Round "2.7"]
[White "van Dam, Hans"]
[Black "Schmidt, Ralf"]
[Result "1-0"]
[WhiteElo "1551"]
[BlackElo "1568"]
[PlyCount "83"]
[EventDate "2016.??.??"]
[SourceDate "2016.10.13"]

1. e4 d5 2. exd5 Qxd5 3. Nc3 Qd6 4. Nf3 Nf6 5. Bc4 c6 6. d4 Bg4 7. Be3 e6 8. a3
Nbd7 9. h3 Bh5 10. Be2 h6 11. Qd2 Qc7 12. Bf4 Bd6 13. Bxd6 Qxd6 14. O-O O-O 15.
Rfe1 Rfd8 16. Qe3 Nd5 17. Nxd5 cxd5 18. c3 a6 19. Ne5 Bxe2 20. Qxe2 b5 21. Nxd7
Qxd7 22. Qe5 Qd6 23. Qh5 Qf4 24. Re3 g6 25. Qe2 Kg7 26. Re1 Re8 27. g3 Qd6 28.
h4 h5 29. Kg2 Re7 30. Re5 Rae8 31. g4 f6 32. Re3 hxg4 33. Qxg4 f5 34. Qg5 f4
35. Re5 Rf7 36. Kf3 Qd8 37. Qxd8 Rxd8 38. Rxe6 Rh8 39. Kg4 a5 40. R1e5 Rf5 41.
Re7+ Kf6 42. R5e6# 1-0

[Event "SK Königsspringer Nordwalde 1 - SC Klei"]
[Site "Verbandsklasse 2016/2017"]
[Date "2016.10.22"]
[Round "2.8"]
[White "Keller, Hansjürgen"]
[Black "Schmiemann, Karlheinz"]
[Result "1/2-1/2"]
[WhiteElo "1660"]
[BlackElo "1354"]
[PlyCount "49"]
[EventDate "2016.??.??"]
[SourceDate "2016.10.13"]

1. d4 d5 2. Nf3 e6 3. Bf4 Bd6 4. Bg3 Bxg3 5. hxg3 Nc6 6. e3 Qe7 7. c3 Nf6 8.
Bd3 e5 9. dxe5 Nxe5 10. Nxe5 Qxe5 11. Nd2 c6 12. Nf3 Qe7 13. Qc2 Ne4 14. Bxe4
dxe4 15. Nd2 f5 16. O-O-O Be6 17. Kb1 O-O-O 18. Qa4 Kb8 19. Nb3 Bxb3 20. Qxb3
Rd3 21. Rxd3 exd3 22. Kc1 g6 23. Kd2 Rd8 24. Rh4 c5 25. Qc4 1/2-1/2

[Event "SK Metelen 1 - Indische Dame Münster 1"]
[Site "Verbandsklasse 2016/2017"]
[Date "2016.10.22"]
[Round "2.1"]
[White "Stevermüer, Rüdiger"]
[Black "Schudro, Vasily"]
[Result "1-0"]
[WhiteElo "1991"]
[BlackElo "2075"]
[PlyCount "99"]
[EventDate "2016.??.??"]
[SourceDate "2016.10.13"]

1. e4 c5 2. Nc3 Nc6 3. Bb5 g6 4. Bxc6 bxc6 5. d3 Bg7 6. Nge2 d6 7. O-O Nf6 8.
h3 O-O 9. f4 Nd7 10. f5 Ne5 11. Qe1 e6 12. g4 exf5 13. gxf5 gxf5 14. exf5 d5
15. Qf2 Nd7 16. Qf3 Kh8 17. Kh1 Qh4 18. Qg4 Bf6 19. Qxh4 Bxh4 20. Bf4 Bf6 21.
Bd6 Re8 22. Rae1 Ba6 23. b3 Re3 24. Kh2 Rae8 25. Bg3 d4 26. Ne4 R8xe4 27. dxe4
Rxe2+ 28. Rxe2 Be5 29. Bxe5+ Nxe5 30. Ref2 Bxf1 31. Rxf1 Kg7 32. Kg3 f6 33. a4
a5 34. Rd1 Kf7 35. Kh4 Ke7 36. Kh5 Nf7 37. c3 dxc3 38. Rc1 Ng5 39. Rxc3 Kd6 40.
e5+ Kxe5 41. Rxc5+ Kd6 42. Rxa5 Nxh3 43. Ra7 Nf4+ 44. Kg4 Nd3 45. Rxh7 Nc5 46.
Rh3 Na6 47. Re3 Nc7 48. b4 Kd7 49. a5 Kd6 50. Re6+ 1-0

[Event "SK Metelen 1 - Indische Dame Münster 1"]
[Site "Verbandsklasse 2016/2017"]
[Date "2016.10.22"]
[Round "2.2"]
[White "Bernink, Henk"]
[Black "Knispel-Roth, Martin"]
[Result "1-0"]
[WhiteElo "2124"]
[BlackElo "1902"]
[PlyCount "111"]
[EventDate "2016.??.??"]
[SourceDate "2016.10.13"]

1. d4 e6 2. c4 Nf6 3. Nc3 Bb4 4. e3 c5 5. Bd3 Nc6 6. Nf3 d6 7. Bd2 e5 8. d5 Ne7
9. Qc2 Bd7 10. a3 Bxc3 11. Bxc3 Qc8 12. h3 Bf5 13. e4 Bd7 14. g4 Qc7 15. Nh4
Ng6 16. Nf5 Bxf5 17. exf5 Nf4 18. O-O-O O-O-O 19. Bd2 Nxd3+ 20. Qxd3 h6 21. f3
Rde8 22. Rde1 Qd7 23. f4 exf4 24. Bxf4 Rxe1+ 25. Rxe1 Re8 26. Rxe8+ Nxe8 27.
Qe3 Nf6 28. b3 Qe8 29. Kd2 Kd7 30. Qxe8+ Kxe8 31. Kd3 Kd7 32. Bd2 Ne8 33. Ke4
Ke7 34. Kf3 a6 35. Bc3 Kf8 36. h4 f6 37. Kf4 Kf7 38. Ba5 g5+ 39. fxg6+ Kxg6 40.
Bc3 h5 41. gxh5+ Kxh5 42. Kf5 Kxh4 43. Bxf6+ Kg3 44. Bh8 Nc7 45. Be5+ dxe5 46.
d6 Ne6 47. Kxe6 e4 48. d7 e3 49. d8=Q e2 50. Qd2 Kf2 51. Qf4+ Kg2 52. Qe3 Kf1
53. Qf3+ Ke1 54. Kd5 Kd2 55. Qf2 Kd1 56. Kxc5 1-0

[Event "SK Metelen 1 - Indische Dame Münster 1"]
[Site "Verbandsklasse 2016/2017"]
[Date "2016.10.22"]
[Round "2.3"]
[White "Frie, Michael"]
[Black "Zachej, Arne"]
[Result "1-0"]
[WhiteElo "1894"]
[BlackElo "1879"]
[PlyCount "99"]
[EventDate "2016.??.??"]
[SourceDate "2016.10.13"]

1. e4 c5 2. Nf3 d6 3. g3 Nc6 4. Bg2 Nf6 5. d3 g6 6. O-O Bg7 7. c3 O-O 8. Nbd2
Rb8 9. a4 Nd7 10. Qc2 a6 11. Nc4 b5 12. axb5 axb5 13. Ne3 e6 14. Ng4 h5 15. Ne3
Qb6 16. Nh4 g5 17. Nf3 g4 18. Ne1 Nde5 19. h3 Qd8 20. Qe2 b4 21. hxg4 bxc3 22.
bxc3 hxg4 23. Nxg4 Nxg4 24. Qxg4 Rb3 25. Bh6 Qf6 26. Qxg7+ Qxg7 27. Bxg7 Kxg7
28. Rc1 Ba6 29. f4 Rfb8 30. Rf2 Ra3 31. Rfc2 Rbb3 32. Kf2 e5 33. Bf1 Kf6 34.
Ng2 Na5 35. Ne3 Bb7 36. Ng4+ Ke6 37. Ne3 c4 38. Kf3 cxd3 39. Bxd3 Ra4 40. f5+
Ke7 41. g4 Nc6 42. g5 Nd4+ 43. cxd4 exd4 44. f6+ Kd8 45. Nf5 Rxd3+ 46. Kf4 Ra6
47. Rc7 Rc3 48. R7xc3 dxc3 49. Rxc3 Ra4 50. Nxd6 1-0

[Event "SK Metelen 1 - Indische Dame Münster 1"]
[Site "Verbandsklasse 2016/2017"]
[Date "2016.10.22"]
[Round "2.4"]
[White "Grotenhuis, Gerard"]
[Black "ter Veen, Michael"]
[Result "1-0"]
[WhiteElo "1871"]
[BlackElo "1730"]
[PlyCount "63"]
[EventDate "2016.??.??"]
[SourceDate "2016.10.13"]

1. b3 d6 2. Bb2 e5 3. e3 Nc6 4. Bb5 Bd7 5. Nf3 a6 6. Bxc6 Bxc6 7. d4 e4 8. d5
Bd7 9. Nfd2 f5 10. Qh5+ g6 11. Qe2 Nf6 12. Nc3 Bg7 13. O-O-O O-O 14. h3 b5 15.
b4 h5 16. Nb3 Qe7 17. Na5 Be8 18. Qd2 Nd7 19. Nc6 Qg5 20. f4 Qg3 21. h4 Nb6 22.
Na5 Bf6 23. Rh3 Qg4 24. Qf2 Bf7 25. Rdh1 Bxd5 26. Rg3 Bxh4 27. Rxh4 Qxh4 28.
Rxg6+ Kf7 29. Qxh4 Kxg6 30. Qg5+ Kh7 31. Nxd5 Nxd5 32. Qg7# 1-0

[Event "SK Metelen 1 - Indische Dame Münster 1"]
[Site "Verbandsklasse 2016/2017"]
[Date "2016.10.22"]
[Round "2.5"]
[White "Glotzbach, Thomas"]
[Black "Wigger, Frank"]
[Result "1-0"]
[WhiteElo "1735"]
[BlackElo "1800"]
[PlyCount "87"]
[EventDate "2016.??.??"]
[SourceDate "2016.10.13"]

1. e4 e5 2. Nf3 Nc6 3. Bc4 Nf6 4. d3 Be7 5. c3 O-O 6. O-O d6 7. b4 Bg4 8. Nbd2
d5 9. exd5 Nxd5 10. Qc2 Bf6 11. Re1 Ndxb4 12. cxb4 e4 13. Nxe4 Bxa1 14. Nfg5
Bh5 15. b5 Nd4 16. Qb1 Ne2+ 17. Rxe2 Bxe2 18. d4 g6 19. Bxe2 Bxd4 20. Ba3 h6
21. Bxf8 Qxf8 22. Nf3 Bg7 23. Qc2 Qe7 24. Bc4 Re8 25. Bd5 b6 26. Qc4 Rd8 27.
Ng3 Qd7 28. Be4 Kh7 29. h3 Qe7 30. Bc2 Rd7 31. Bb3 Be5 32. Nf1 Bd6 33. N1d2 Bf4
34. Qxf4 Kg7 35. Qc4 Qf6 36. Ne4 Qa1+ 37. Kh2 Qb1 38. Qc3+ Kf8 39. Qh8+ Ke7 40.
Qf6+ Kf8 41. Ne5 Qxe4 42. Nxd7+ Ke8 43. Qxf7+ Kd8 44. Be6 1-0

[Event "SK Metelen 1 - Indische Dame Münster 1"]
[Site "Verbandsklasse 2016/2017"]
[Date "2016.10.22"]
[Round "2.6"]
[White "Bückers, Bernhard"]
[Black "Dittberner, Markus"]
[Result "1/2-1/2"]
[WhiteElo "1705"]
[BlackElo "1665"]
[PlyCount "60"]
[EventDate "2016.??.??"]
[SourceDate "2016.10.13"]

1. c4 Nf6 2. Nc3 g6 3. g3 Bg7 4. Bg2 d6 5. Nf3 O-O 6. O-O c6 7. d4 Qc7 8. Qc2
e5 9. dxe5 dxe5 10. e4 Be6 11. b3 h6 12. Bb2 Nbd7 13. Rac1 Rac8 14. Rfd1 b5 15.
cxb5 cxb5 16. Qe2 Qb7 17. Qxb5 Qxb5 18. Nxb5 Nxe4 19. Rc7 a6 20. Rxc8 Rxc8 21.
Nd6 Nxd6 22. Rxd6 Rc2 23. Rd2 Rxb2 24. Rxb2 e4 25. Rd2 exf3 26. Bxf3 Bc3 27.
Rd6 a5 28. Bd5 Bh3 29. Bg2 Be6 30. Bd5 Bh3 1/2-1/2

[Event "SK Metelen 1 - Indische Dame Münster 1"]
[Site "Verbandsklasse 2016/2017"]
[Date "2016.10.22"]
[Round "2.8"]
[White "Denkler, Jürgen"]
[Black "Wichmann, Norbert"]
[Result "1-0"]
[WhiteElo "1682"]
[BlackElo "1739"]
[PlyCount "81"]
[EventDate "2016.??.??"]
[SourceDate "2016.10.13"]

1. d4 Nf6 2. c4 g6 3. Nc3 Bg7 4. e4 d6 5. Nf3 O-O 6. Be2 Nc6 7. O-O e5 8. d5
Ne7 9. Bg5 h6 10. Bd2 Kh7 11. b4 Nd7 12. Ne1 f5 13. f3 f4 14. Nd3 b6 15. a4 a5
16. Nb5 Rf6 17. bxa5 bxa5 18. Rb1 c6 19. Na3 g5 20. Bc3 c5 21. Qd2 h5 22. h3
Rh6 23. Rb5 Nf6 24. Nf2 g4 25. fxg4 hxg4 26. Nxg4 Bxg4 27. hxg4 Rg6 28. Qd3 Qd7
29. Qh3+ Bh6 30. Kf2 Nxg4+ 31. Bxg4 Qxg4 32. Qxg4 Rxg4 33. Rb7 Bg5 34. Rh1+ Kg6
35. Rh3 Ng8 36. Kf3 Rh4 37. Rxh4 Bxh4 38. Rb6 Be7 39. Bxe5 Rd8 40. Nb5 Nf6 41.
Bxd6 1-0

[Event "SG Turm Raesfeld/Erle 2 - Schach Nienbe"]
[Site "Verbandsklasse 2016/2017"]
[Date "2016.10.22"]
[Round "2.1"]
[White "Melkert, Tim"]
[Black "Bölker, Franz"]
[Result "1/2-1/2"]
[WhiteElo "1861"]
[BlackElo "1798"]
[PlyCount "57"]
[EventDate "2016.??.??"]
[SourceDate "2016.10.13"]

1. e4 c5 2. Nf3 d6 3. c3 Nf6 4. h3 Nc6 5. Qc2 Bd7 6. d4 cxd4 7. cxd4 Rc8 8. Nc3
e6 9. Be2 Be7 10. O-O O-O 11. Be3 a6 12. d5 exd5 13. exd5 Ne5 14. Qb3 Nxf3+ 15.
Bxf3 b5 16. a4 bxa4 17. Nxa4 Bb5 18. Rfc1 Nd7 19. Rxc8 Qxc8 20. Nc3 Bc4 21. Qa3
Qb7 22. Bd4 Bf6 23. Bxf6 Nxf6 24. b3 Bd3 25. Rd1 Bc2 26. Ra1 Bd3 27. Qxd6 Qxb3
28. Qc7 Bc4 29. Na4 1/2-1/2

[Event "SG Turm Raesfeld/Erle 2 - Schach Nienbe"]
[Site "Verbandsklasse 2016/2017"]
[Date "2016.10.22"]
[Round "2.2"]
[White "Fasselt, Hendrik"]
[Black "Kluczka, Konrad"]
[Result "1-0"]
[WhiteElo "1822"]
[BlackElo "1817"]
[PlyCount "48"]
[EventDate "2016.??.??"]
[SourceDate "2016.10.13"]

1. b3 e5 2. Bb2 Nc6 3. e3 a6 4. d3 d5 5. Nd2 Nf6 6. Ngf3 Bd6 7. Be2 O-O 8. O-O
Re8 9. c4 e4 10. Ne1 Ne5 11. cxd5 exd3 12. Nxd3 Nxd3 13. Bxd3 Nxd5 14. Nc4 Bf8
15. Qf3 Be6 16. Rfd1 Qg5 17. h3 c6 18. a3 f5 19. Rac1 f4 20. e4 Nf6 21. Be5 Nh5
22. Bb2 Rad8 23. Be2 Bc5 24. Qxh5 Qg3 1-0

[Event "SG Turm Raesfeld/Erle 2 - Schach Nienbe"]
[Site "Verbandsklasse 2016/2017"]
[Date "2016.10.22"]
[Round "2.5"]
[White "Van de Vyle, Jan"]
[Black "Suer, Julian"]
[Result "1/2-1/2"]
[WhiteElo "1753"]
[BlackElo "1730"]
[PlyCount "33"]
[EventDate "2016.??.??"]
[SourceDate "2016.10.13"]

1. e4 d5 2. exd5 Qxd5 3. Nf3 Nf6 4. d4 Bf5 5. c4 Qd8 6. Be2 e6 7. O-O c6 8. Be3
Bd6 9. h3 O-O 10. Nc3 Nbd7 11. Nh4 Ne4 12. Nxf5 exf5 13. Nxe4 fxe4 14. c5 Bc7
15. d5 cxd5 16. Qxd5 Nf6 17. Qf5 1/2-1/2

[Event "SG Turm Raesfeld/Erle 2 - Schach Nienbe"]
[Site "Verbandsklasse 2016/2017"]
[Date "2016.10.22"]
[Round "2.6"]
[White "Droste, Laurenz"]
[Black "Scharlow, Siegmar"]
[Result "1/2-1/2"]
[WhiteElo "1648"]
[BlackElo "1719"]
[PlyCount "81"]
[EventDate "2016.??.??"]
[SourceDate "2016.10.13"]

1. f4 d5 2. e3 Nc6 3. b3 e5 4. Bb5 exf4 5. Bxc6+ bxc6 6. exf4 Qf6 7. Nc3 Qxf4
8. Qf3 Bd6 9. Qxf4 Bxf4 10. Nge2 Bh6 11. Bb2 Nf6 12. Na4 Ne4 13. d3 Nd6 14. Nd4
Nf5 15. Nxf5 Bxf5 16. O-O Be6 17. Ba3 Be3+ 18. Kh1 O-O-O 19. Rae1 d4 20. Bc5 a5
21. Nb2 Rd5 22. Ba3 Rg5 23. Nd1 Bd2 24. Re2 Bb4 25. Bc1 Rh5 26. Nf2 Bd6 27. h3
g5 28. Kg1 g4 29. Nxg4 Rc5 30. Bb2 Rd5 31. Ne3 Rg5 32. Bxd4 Rhg8 33. Bf6 R5g6
34. h4 Bg3 35. h5 Rh6 36. Nf5 Rxf6 37. Nxg3 Rxf1+ 38. Nxf1 Rg5 39. Nh2 Rxh5 40.
Nf3 Kd7 41. g4 1/2-1/2

[Event "SG Turm Raesfeld/Erle 2 - Schach Nienbe"]
[Site "Verbandsklasse 2016/2017"]
[Date "2016.10.22"]
[Round "2.7"]
[White "Schulte Austum, Frank"]
[Black "Cvetkovic, Reinhard"]
[Result "1/2-1/2"]
[WhiteElo "1735"]
[BlackElo "1663"]
[PlyCount "55"]
[EventDate "2016.??.??"]
[SourceDate "2016.10.13"]

1. d4 Nf6 2. Nf3 g6 3. Bg5 Bg7 4. Nbd2 O-O 5. c3 d6 6. e4 Nbd7 7. Bd3 e5 8. O-O
h6 9. Be3 Ng4 10. Qe2 Nxe3 11. Qxe3 Kh7 12. Rfd1 Qe7 13. Nc4 a5 14. a4 b6 15.
dxe5 dxe5 16. Bc2 Ba6 17. Qd2 Nc5 18. Ne3 Rfd8 19. Nd5 Qf8 20. Qe3 Ne6 21. Bd3
Bb7 22. Bc4 Rd6 23. Rd2 Rad8 24. Rad1 R8d7 25. b4 axb4 26. cxb4 h5 27. Qc3 Bxd5
28. Bxd5 1/2-1/2

[Event "SG Turm Raesfeld/Erle 2 - Schach Nienbe"]
[Site "Verbandsklasse 2016/2017"]
[Date "2016.10.22"]
[Round "2.8"]
[White "Hoffmann, Fabian"]
[Black "Temmen, Norbert"]
[Result "1-0"]
[WhiteElo "1653"]
[BlackElo "1658"]
[PlyCount "43"]
[EventDate "2016.??.??"]
[SourceDate "2016.10.13"]

1. e4 e6 2. d4 d5 3. Nd2 Nf6 4. e5 Nfd7 5. Bd3 c5 6. c3 Nc6 7. Ne2 Qb6 8. Nf3
cxd4 9. cxd4 Be7 10. O-O O-O 11. Nf4 Kh8 12. h4 Nxd4 13. Nxd4 Qxd4 14. Qh5 g6
15. Bxg6 fxg6 16. Nxg6+ Kg8 17. Nxe7+ Kh8 18. Ng6+ Kg8 19. Nxf8 Nxf8 20. Qg5+
Kh8 21. Qf6+ Kg8 22. Bh6 1-0

[Event "SK Münster 5 - SF Beelen 2"]
[Site "Verbandsklasse 2016/2017"]
[Date "2016.10.22"]
[Round "2.1"]
[White "Fuisting, Dominik"]
[Black "Jensen, Sören"]
[Result "1/2-1/2"]
[WhiteElo "1737"]
[BlackElo "1734"]
[PlyCount "43"]
[EventDate "2016.??.??"]
[SourceDate "2016.10.13"]

1. d4 Nf6 2. e3 b6 3. f4 Bb7 4. Nf3 e6 5. Bd3 c5 6. O-O Nc6 7. c3 d5 8. Ne5 Qc7
9. Nd2 g6 10. Ndf3 h6 11. Qe1 O-O-O 12. a4 c4 13. Nxc6 Bxc6 14. Bc2 Bd6 15. b3
g5 16. Ne5 gxf4 17. exf4 Bb7 18. Ba3 Bxa3 19. Rxa3 Rdg8 20. f5 Qe7 21. Ra2 cxb3
22. Bxb3 1/2-1/2

[Event "SK Münster 5 - SF Beelen 2"]
[Site "Verbandsklasse 2016/2017"]
[Date "2016.10.22"]
[Round "2.2"]
[White "Vogenauer, Nikolas"]
[Black "Hanewinkel, Christian"]
[Result "1-0"]
[WhiteElo "1665"]
[BlackElo "1672"]
[PlyCount "97"]
[EventDate "2016.??.??"]
[SourceDate "2016.10.13"]

1. e4 c5 2. Nf3 e6 3. d4 cxd4 4. Nxd4 Nc6 5. Nc3 Bb4 6. Ndb5 Nf6 7. Nd6+ Ke7 8.
Bf4 Qa5 9. Qd2 Ne5 10. Rd1 Rd8 11. Be2 Qc5 12. a3 Bxc3 13. bxc3 Ne8 14. Nb5 a6
15. Nd4 Ng6 16. Bg5+ f6 17. Be3 Qc7 18. c4 b6 19. O-O Bb7 20. f3 Kf7 21. Qb4 a5
22. Qb3 Nd6 23. Nb5 Nxb5 24. Qxb5 Bc6 25. Qxb6 Qe5 26. Qd4 Qh5 27. Rb1 e5 28.
Qd6 Bxe4 29. Bb6 Nf4 30. Bxd8 Nxe2+ 31. Kf2 Rxd8 32. Kxe2 Bxc2 33. Rb7 Ba4 34.
c5 Qf5 35. Kf2 e4 36. Re1 Re8 37. c6 e3+ 38. Kg1 Re7 39. Rxd7 Rxd7 40. Qxd7+
Qxd7 41. cxd7 Bxd7 42. Rxe3 h5 43. Kf2 g5 44. h4 gxh4 45. Re4 Kg6 46. Rxh4 Be8
47. Kg3 Kg5 48. Re4 Bc6 49. Rc4 1-0

[Event "SK Münster 5 - SF Beelen 2"]
[Site "Verbandsklasse 2016/2017"]
[Date "2016.10.22"]
[Round "2.3"]
[White "Wältermann, Thomas"]
[Black "Schmitt, Konrad"]
[Result "1-0"]
[WhiteElo "1742"]
[BlackElo "1684"]
[PlyCount "85"]
[EventDate "2016.??.??"]
[SourceDate "2016.10.13"]

1. e4 e5 2. f4 d6 3. Nf3 Nf6 4. Nc3 Bg4 5. Bb5+ c6 6. Be2 Bxf3 7. Bxf3 Nbd7 8.
d3 exf4 9. Bxf4 Ne5 10. Qd2 Be7 11. h3 Qa5 12. O-O Ng6 13. Bg3 Rd8 14. b4 Qb6+
15. Bf2 Qc7 16. Ne2 d5 17. Bg3 Bd6 18. Bxd6 Qxd6 19. exd5 Nxd5 20. Bxd5 Qxd5
21. Qe3+ Qe5 22. Qxa7 O-O 23. Qf2 Rd5 24. Rab1 f6 25. d4 Qe6 26. Nf4 Nxf4 27.
Qxf4 Rd7 28. Rbe1 Qd6 29. Qxd6 Rxd6 30. c3 Kf7 31. Rf2 Rfd8 32. Rfe2 R6d7 33.
a4 Ra8 34. a5 b6 35. axb6 Ra6 36. b7 Rxb7 37. Re6 Rab6 38. Kf2 Kf8 39. Rd6 Rc7
40. Ree6 Ra6 41. Re4 Kf7 42. d5 g6 43. Rxc6 1-0

[Event "SK Münster 5 - SF Beelen 2"]
[Site "Verbandsklasse 2016/2017"]
[Date "2016.10.22"]
[Round "2.4"]
[White "Kamp, Aaron"]
[Black "Hofene, Markus"]
[Result "0-1"]
[WhiteElo "1619"]
[BlackElo "1659"]
[PlyCount "60"]
[EventDate "2016.??.??"]
[SourceDate "2016.10.13"]

1. e4 d5 2. exd5 Qxd5 3. Nc3 Qd8 4. d4 Nf6 5. h3 c6 6. Nf3 Bf5 7. Bc4 e6 8. O-O
Nbd7 9. Nh4 Bg6 10. Nxg6 hxg6 11. Be3 Nb6 12. Bb3 Bd6 13. Ne2 Ng4 14. Nf4 Nxe3
15. fxe3 Nd5 16. Qf3 Nxf4 17. exf4 Qf6 18. c3 Rh4 19. g4 Kd7 20. Qe3 Rah8 21.
Rf3 Qe7 22. Re1 Bc7 23. d5 Bb6 24. Qxb6 axb6 25. dxe6+ fxe6 26. Rd3+ Kc7 27.
Rxe6 Qc5+ 28. Kg2 Rd8 29. Rde3 Rhh8 30. R6e5 Qd6 0-1

[Event "SK Münster 5 - SF Beelen 2"]
[Site "Verbandsklasse 2016/2017"]
[Date "2016.10.22"]
[Round "2.5"]
[White "Bleier, Thomas"]
[Black "Bissen, Philippe"]
[Result "0-1"]
[WhiteElo "1648"]
[BlackElo "1674"]
[PlyCount "94"]
[EventDate "2016.??.??"]
[SourceDate "2016.10.13"]

1. e4 c5 2. Nc3 Nc6 3. Bc4 e6 4. f4 Qh4+ 5. g3 Qd8 6. a3 a6 7. d3 b5 8. Ba2 Bb7
9. Nf3 Be7 10. O-O h5 11. h3 Qc7 12. Be3 g5 13. Nh2 O-O-O 14. Ne2 g4 15. hxg4
hxg4 16. Nxg4 Nh6 17. Nxh6 Rxh6 18. Kf2 Rh2+ 19. Ke1 d5 20. exd5 exd5 21. Bg1
Rh6 22. Rf2 Bf6 23. c3 d4 24. Rc1 dxc3 25. Nxc3 Bd4 26. Rh2 Rxh2 27. Bxh2 Re8+
28. Kf1 Ne7 29. Bxf7 Rh8 30. Rc2 Qc6 31. Ne4 Nd5 32. Bxd5 Qxd5 33. Qe2 Kb8 34.
Qg2 Qa2 35. Qd2 Rxh2 36. Qxh2 Qb1+ 37. Rc1 Qxc1+ 38. Kg2 Qxb2+ 39. Kh3 Bc8+ 40.
g4 Bxg4+ 41. Kg3 Qxh2+ 42. Kxh2 Bf5 43. Kg3 Bxe4 44. dxe4 Kc7 45. Kf3 Bb2 46.
e5 Kd7 47. Ke4 c4 0-1

[Event "SK Münster 5 - SF Beelen 2"]
[Site "Verbandsklasse 2016/2017"]
[Date "2016.10.22"]
[Round "2.6"]
[White "Schlagheck, Thomas"]
[Black "Grothues, Fabian"]
[Result "1/2-1/2"]
[WhiteElo "1654"]
[BlackElo "1576"]
[PlyCount "40"]
[EventDate "2016.??.??"]
[SourceDate "2016.10.13"]

1. e4 g6 2. d4 Bg7 3. Nf3 d6 4. Bc4 Nf6 5. Nc3 O-O 6. O-O Bg4 7. h3 Bxf3 8.
Qxf3 Nc6 9. Be3 e5 10. dxe5 Nxe5 11. Qe2 Nxc4 12. Qxc4 Re8 13. Rad1 Qe7 14. f3
c6 15. Bd4 Qe6 16. Qd3 d5 17. exd5 cxd5 18. Bxf6 Qxf6 19. Qxd5 Qb6+ 20. Kh1
Qxb2 1/2-1/2

[Event "SK Münster 5 - SF Beelen 2"]
[Site "Verbandsklasse 2016/2017"]
[Date "2016.10.22"]
[Round "2.7"]
[White "Leismann, Franz-Josef"]
[Black "Börding, Thomas"]
[Result "1/2-1/2"]
[WhiteElo "1548"]
[BlackElo "1528"]
[PlyCount "53"]
[EventDate "2016.??.??"]
[SourceDate "2016.10.13"]

1. Nf3 Nc6 2. d4 d5 3. Bf4 Nf6 4. e3 Bg4 5. h3 Bh5 6. Be2 Bxf3 7. Bxf3 e6 8.
O-O Bd6 9. Bg5 h6 10. Bxf6 Qxf6 11. Nd2 O-O 12. c4 dxc4 13. Nxc4 Rab8 14. Nxd6
cxd6 15. d5 Ne5 16. Be2 Rfd8 17. Qd4 b6 18. Rac1 Rbc8 19. dxe6 Qxe6 20. b3 Rc5
21. Rxc5 bxc5 22. Qa4 Qe7 23. Rd1 Rd7 24. Qe4 Ng6 25. Qc6 Ne5 26. Qe4 Ng6 27.
Qc6 1/2-1/2